Supermodularity and complementarity / (Record no. 29536)
[ view plain ]
| 000 -LEADER | |
|---|---|
| fixed length control field | 00570 a2200169 4500 |
| 020 ## - INTERNATIONAL STANDARD BOOK NUMBER | |
| International Standard Book Number | 0691032440 |
| 020 ## - INTERNATIONAL STANDARD BOOK NUMBER | |
| International Standard Book Number | 9780691032443 |
| 082 ## - DEWEY DECIMAL CLASSIFICATION NUMBER | |
| Classification number | 658.4033 |
| 090 ## - LOCALLY ASSIGNED LC-TYPE CALL NUMBER (OCLC); LOCAL CALL NUMBER (RLIN) | |
| -- | 914 |
| -- | 914 |
| 100 1# - MAIN ENTRY--PERSONAL NAME | |
| Personal name | Topkis, Donald M. |
| 245 10 - TITLE STATEMENT | |
| Title | Supermodularity and complementarity / |
| Statement of responsibility, etc. | Donald M. Topkis. |
| 260 ## - PUBLICATION, DISTRIBUTION, ETC. | |
| Place of publication, distribution, etc. | [S.l.] : |
| Name of publisher, distributor, etc. | Princeton University Press, |
| Date of publication, distribution, etc. | 1998. |
| 300 ## - PHYSICAL DESCRIPTION | |
| Extent | 312 p. ; |
| Dimensions | 24 cm. |
| 700 ## - ADDED ENTRY--PERSONAL NAME | |
| Personal name | Topkis, Donald M. |
| 942 ## - ADDED ENTRY ELEMENTS (KOHA) | |
| Institution code [OBSOLETE] | SNS |
| Koha item type | Book |
| Call number prefix | 658.4033 TOP |
| Withdrawn status | Lost status | Damaged status | Not for loan | Permanent Location | Current Location | Date acquired | Total Checkouts | Full call number | Barcode | Date last seen | Price effective from | Koha item type |
|---|---|---|---|---|---|---|---|---|---|---|---|---|
| School of Natural Sciences (SNS) | School of Natural Sciences (SNS) | 05/26/2016 | 658.4033 TOP | SNS0001084 | 05/26/2016 | 05/26/2016 | Book |
